Text book of physical chemistry / (Record no. 7609)
[ view plain ]
| 000 -LEADER | |
|---|---|
| fixed length control field | 00572cam a2200241ua 4500 |
| 041 ## - LANGUAGE CODE | |
| Language code of text/sound track or separate title | eng |
| 082 ## - DEWEY DECIMAL CLASSIFICATION NUMBER | |
| Classification number | 541.3 |
| Item number | SON/TE |
| 100 ## - MAIN ENTRY--AUTHOR NAME | |
| Personal name | Sony, P.L. |
| 245 ## - TITLE STATEMENT | |
| Title | Text book of physical chemistry / |
| 250 ## - EDITION STATEMENT | |
| Edition statement | 16 / |
| 260 ## - PUBLICATION, DISTRIBUTION, ETC. (IMPRINT) | |
| Place of publication | New Delhi : |
| Name of publisher | S.Chand & Sons , |
| Year of publication | 1985. |
| 300 ## - PHYSICAL DESCRIPTION | |
| Number of Pages | 2524 ; . |
| 700 1# - ADDED ENTRY--PERSONAL NAME | |
| Personal name | Dharmarha, O.P. |
| 942 ## - ADDED ENTRY ELEMENTS (KOHA) | |
| Koha item type | Books |
| Withdrawn status | Lost status | Damaged status | Home library | Current library | Date acquired | Full call number | Accession Number | Koha item type |
|---|---|---|---|---|---|---|---|---|
| KAUAET | KAUAET | 17/03/1986 | 541.3 SON/TE | 15058 | Books | |||
| KAUAET | KAUAET | 17/03/1986 | 541.3 SON/TE | 15059 | Books | |||
| KAUAET | KAUAET | 17/03/1986 | 541.3 SON/TE | 15057 | Books | |||
| KAUAET | KAUAET | 17/03/1986 | 541.3 SON/TE | 15060 | Books | |||
| KAUAET | KAUAET | 07/04/2012 | 541.3 SON/TE | 21798 | Books |
